|
|
|
|
| LEADER |
00000caa a22000002c 4500 |
| 001 |
1640014160 |
| 003 |
DE-627 |
| 005 |
20220608130843.0 |
| 007 |
tu |
| 008 |
160223s1992 xx ||||| 00| ||ger c |
| 035 |
|
|
|a (DE-627)1640014160
|
| 035 |
|
|
|a (DE-576)456031081
|
| 035 |
|
|
|a (DE-599)BSZ456031081
|
| 040 |
|
|
|a DE-627
|b ger
|c DE-627
|e rakwb
|
| 041 |
|
|
|a ger
|
| 100 |
1 |
|
|a Phieler-Morbach, Ulrike
|0 (DE-627)1237838258
|0 (DE-576)167838253
|4 aut
|
| 109 |
|
|
|a Phieler-Morbach, Ulrike
|a Morbach, Ulrike P.-
|
| 245 |
1 |
4 |
|a Die Verbannung im alten Rußland und in der ehemaligen Sowjetunion
|c Ulrike Phieler-Morbach
|
| 264 |
|
1 |
|c 1992
|
| 336 |
|
|
|a Text
|b txt
|2 rdacontent
|
| 337 |
|
|
|a ohne Hilfsmittel zu benutzen
|b n
|2 rdamedia
|
| 338 |
|
|
|a Band
|b nc
|2 rdacarrier
|
| 773 |
0 |
8 |
|i In
|t Zeitschrift für die gesamte Strafrechtswissenschaft
|d Berlin [u.a.] : de Gruyter, 1881
|g 104(1992), 4, Seite 902-934
|w (DE-627)129491098
|w (DE-600)206260-4
|w (DE-576)014885867
|x 0084-5310
|7 nnas
|
| 773 |
1 |
8 |
|g volume:104
|g year:1992
|g number:4
|g pages:902-934
|
| 935 |
|
|
|a mkri
|
| 951 |
|
|
|a AR
|
| ELC |
|
|
|b 1
|
| LOK |
|
|
|0 000 xxxxxcx a22 zn 4500
|
| LOK |
|
|
|0 001 3301249477
|
| LOK |
|
|
|0 003 DE-627
|
| LOK |
|
|
|0 004 1640014160
|
| LOK |
|
|
|0 005 20250312094326
|
| LOK |
|
|
|0 008 160208||||||||||||||||ger|||||||
|
| LOK |
|
|
|0 040
|a DE-21-110
|c DE-627
|d DE-21-110
|
| LOK |
|
|
|0 689
|a s
|a Strafvollzug
|
| LOK |
|
|
|0 689
|a s
|a Verbannung
|
| LOK |
|
|
|0 689
|a g
|a Russland
|
| LOK |
|
|
|0 689
|a g
|a Sowjetunion
|
| LOK |
|
|
|0 852
|a DE-21-110
|
| LOK |
|
|
|0 852 1
|m p
|9 00
|
| LOK |
|
|
|0 935
|a k110
|
| LOK |
|
|
|0 938
|k p
|
| LOK |
|
|
|0 939
|a 08-02-16
|b l01
|
| ORI |
|
|
|a SA-MARC-krimdoka001.raw
|